Music Quiz

Random Music or Song Quiz

UK's Greatest Hits Quiz Stats

 Plays Quiz Updated Aug 12, 2019

Score 0/28 Timer 07:00
4 Plays Today
Artist (weeks at #1) Song title % Correct
Queen
(9 in 1975 + 5 in 1991)
Bohemian Rhapsody
79.5%
Gnarls Barkley (9)Crazy
70.9%
Whitney Houston (10)I Will Always Love You
68.5%
Rihanna featuring Jay-Z (10)Umbrella
63.4%
Band Aid (5) +
Band Aid II (5) +
Band Aid 20 (4)
Do They Know It's Christmas?
56%
John Travolta &
Olivia Newton-John (9)
You're The One That I Want
52.9%
Bryan Adams (16)(Everything I Do) I Do It For You
52.2%
Ed Sheeran (13)Shape of You
49.6%
Luis Fonsi & Daddy Yankee
featuring Justin Bieber (11)
Despacito
48%
Wet Wet Wet (15)Love Is All Around
41.4%
Shakespear's Sister (8)Stay
30.5%
The Archies (8)Sugar Sugar
29.4%
Frankie Goes To Hollywood (9)Two Tribes
28.3%
Wings (9)Mull Of Kintyre ~ Girls' School
28.1%
Artist (weeks at #1) Song title % Correct
Clean Bandit featuring
Sean Paul and Anne-Marie (9)
Rockabye
26%
Drake (15)One Dance
23.8%
Cliff Richard & The Shadows (6) +
Cliff Richard & The Young Ones (3)
Living Doll
21.6%
Paul Anka (9)Diana
11.7%
Doris Day (9)Secret Love
7.2%
Perry Como (8)Magic Moments
6.9%
Al Martino (9) Here In My Heart
4.9%
Frankie Laine (18)I Believe
4.7%
Elvis Presley (8)It's Now Or Never
3.8%
The Shadows (8)Wonderful Land
3%
Slim Whitman (11)Rose Marie
2.8%
Eddie Calvert (9)Oh Mein Papa
2.5%
David Whitfield (10)Cara Mia
1.5%
Frankie Laine (8)Answer Me
1.3%

You're not logged in!

Compare scores with friends on all Sporcle quizzes.
OR
Log In

Sporcle TV

Today on Sporcle TV


Watch our educational content, quiz creation guides, and fun videos on Sporcle TV.

Show Comments

Extras

Top Quizzes Today


Score Distribution

Your Account Isn't Verified!

In order to create a playlist on Sporcle, you need to verify the email address you used during registration. Go to your Sporcle Settings to finish the process.

Report this User

Report this user for behavior that violates our Community Guidelines.

Details: